[Event "Titled Tuesday intern op 23rd Apr Late"]
[Site "Chess.com INT"]
[Date "2024.04.23"]
[Round "9"]
[White "Gelman, Alexander"]
[Black "Martinez Ramirez, Lennis"]
[Result "1-0"]
[WhiteElo "2403"]
[BlackElo "2442"]
[PlyCount "75"]
[EventDate "2024.04.23"]
[EventType "swiss (blitz)"]
[EventRounds "11"]
[EventCountry "USA"]
[SourceTitle "CB18_2024"]
[SourceDate "2024.05.01"]
[SourceVersion "1"]
[SourceVersionDate "2024.05.01"]
[SourceQuality "2"]

1. d4 Nf6 2. Nc3 d5 3. Bf4 a6 4. e3 c5 5. Nf3 cxd4 6. exd4 Nc6 7. Ne5 Bf5 8. g4 Bd7 9. g5 Ne4 10. Nxe4 dxe4 11. Bg2 Nxe5 12. Bxe5 Bc6 13. c3 e6 14. h4 h6 15. Qg4 hxg5 16. hxg5 Rxh1+ 17. Bxh1 Qd5 18. Kf1 a5 19. Kg1 a4 20. Re1 Qxa2 21. Bxe4 Qxb2 22. g6 f5 23. Bxf5 Qxc3 24. Qe2 Bb4 25. Rb1 a3 26. d5 Qd2 27. Qxd2 Bxd2 28. dxc6 a2 29. cxb7 axb1Q+ 30. Bxb1 Rd8 31. b8Q Rxb8 32. Bxb8 Bc3 33. f4 Ke7 34. Kg2 Kf6 35. Kf3 Ba1 36. Be4 Bd4 37. Bc7 Bc3 38. Bd8# 1-0

[Event "Titled Tuesday intern op 23rd Apr Late"]
[Site "Chess.com INT"]
[Date "2024.04.23"]
[Round "1"]
[White "Martinez Ramirez, Lennis"]
[Black "Smieszek, Wojciech"]
[Result "1-0"]
[WhiteElo "2442"]
[BlackElo "2127"]
[PlyCount "81"]
[EventDate "2024.04.23"]
[EventType "swiss (blitz)"]
[EventRounds "11"]
[EventCountry "USA"]
[SourceTitle "CB18_2024"]
[SourceDate "2024.05.01"]
[SourceVersion "1"]
[SourceVersionDate "2024.05.01"]
[SourceQuality "2"]

1. d4 Nf6 2. c4 c5 3. d5 e6 4. Nc3 exd5 5. cxd5 d6 6. e4 g6 7. Bb5+ Nfd7 8. Bf4 a6 9. Be2 Bg7 10. Bxd6 Qb6 11. e5 Nxe5 12. Bxe5 Bxe5 13. Qa4+ Bd7 14. Qe4 f6 15. 0-0-0 Bf5 16. Qe3 0-0 17. Nf3 Bd6 18. Nh4 Qc7 19. g3 Bh3 20. Qh6 Qg7 21. Qxg7+ Kxg7 22. Ne4 Be5 23. Nxc5 Nd7 24. Ne6+ Kf7 25. Nxf8 Rxf8 26. f4 Bd6 27. Kb1 Re8 28. Bd3 Nc5 29. Bc2 Re2 30. f5 g5 31. Nf3 Rf2 32. Nd4 Be5 33. Ne6 Nd7 34. Nd8+ Ke7 35. Nxb7 Nb6 36. d6+ Kd7 37. Nc5+ Kd8 38. d7 Rxc2 39. Ne6+ Ke7 40. d8Q+ Kf7 41. Qf8# 1-0

[Event "Titled Tuesday intern op 16th Apr Late"]
[Site "Chess.com INT"]
[Date "2024.04.16"]
[Round "5"]
[White "Vovk, Orest"]
[Black "Martinez Ramirez, Lennis"]
[Result "0-1"]
[WhiteElo "2315"]
[BlackElo "2442"]
[PlyCount "64"]
[EventDate "2024.04.16"]
[EventType "swiss (blitz)"]
[EventRounds "11"]
[EventCountry "USA"]
[SourceTitle "CB17_2024"]
[SourceDate "2024.04.24"]
[SourceVersion "1"]
[SourceVersionDate "2024.04.24"]
[SourceQuality "1"]

1. g4 e5 2. g5 Nc6 3. d3 h6 4. gxh6 Nxh6 5. Bg2 Bc5 6. Nc3 d6 7. Nf3 Bg4 8. h3 Bf5 9. Be3 Bb6 10. Bxb6 axb6 11. Qd2 Qd7 12. e4 Bg6 13. d4 f6 14. 0-0-0 Bh5 15. dxe5 fxe5 16. Rdg1 Rf8 17. Ng5 Nd4 18. h4 Bg4 19. f3 Be6 20. Nxe6 Qxe6 21. Bh3 Qf7 22. Rf1 b5 23. a3 c6 24. f4 Qc4 25. fxe5 dxe5 26. Rxf8+ Kxf8 27. Bf1 Qc5 28. Bd3 b4 29. axb4 Ra1+ 30. Nb1 Nb3+ 31. Kd1 Nxd2 32. bxc5 Rxb1+ 0-1

[Event "Titled Tuesday intern op 16th Apr Late"]
[Site "Chess.com INT"]
[Date "2024.04.16"]
[Round "2"]
[White "Wael Sabry, Mina"]
[Black "Martinez Ramirez, Lennis"]
[Result "1/2-1/2"]
[WhiteElo "2033"]
[BlackElo "2442"]
[PlyCount "106"]
[EventDate "2024.04.16"]
[EventType "swiss (blitz)"]
[EventRounds "11"]
[EventCountry "USA"]
[SourceTitle "CB17_2024"]
[SourceDate "2024.04.24"]
[SourceVersion "1"]
[SourceVersionDate "2024.04.24"]
[SourceQuality "1"]

1. Nf3 d5 2. g3 Nf6 3. Bg2 g6 4. 0-0 Bg7 5. d4 0-0 6. c4 c6 7. cxd5 cxd5 8. Nc3 Nc6 9. Ne5 Qb6 10. Nxc6 Qxc6 11. Qb3 Rd8 12. Bg5 Be6 13. Rac1 Qd7 14. Nb5 Ne8 15. Bf4 Rdc8 16. Rxc8 Rxc8 17. Nxa7 Rc4 18. Nb5 h6 19. e3 g5 20. Bb8 Bf5 21. Nc3 e6 22. e4 Bg6 23. exd5 exd5 24. Bxd5 Rxd4 25. Re1 Nf6 26. Bxb7 Rd2 27. Bf3 Qf5 28. Nb1 Rd3 29. Be4 Rxb3 30. Bxf5 Rxb8 31. Bxg6 fxg6 32. b3 Nd5 33. Rd1 Nb4 34. a4 Nc2 35. Rd3 Nd4 36. Nd2 Kf7 37. a5 Ke6 38. Re3+ Kd7 39. Kg2 Rb5 40. Nc4 Rxb3 41. a6 Rxe3 42. fxe3 Nc6 43. Kf3 Bf8 44. Ke4 Bc5 45. Kd5 Ba7 46. e4 Ne7+ 47. Ke5 g4 48. Kf6 h5 49. Ne5+ Kd6 50. Nxg6 Nxg6 51. Kxg6 Bg1 52. Kxh5 Ke5 53. Kxg4 Kxe4 1/2-1/2

[Event "Titled Tuesday intern op 02nd Apr Early"]
[Site "Chess.com INT"]
[Date "2024.04.02"]
[Round "4"]
[White "Di Nicolantonio, Lucas"]
[Black "Martinez Ramirez, Lennis"]
[Result "1-0"]
[WhiteElo "2406"]
[BlackElo "2442"]
[PlyCount "93"]
[EventDate "2024.04.02"]
[EventType "swiss (blitz)"]
[EventRounds "11"]
[EventCountry "USA"]
[SourceTitle "CB15_2024"]
[SourceDate "2024.04.10"]
[SourceVersion "1"]
[SourceVersionDate "2024.04.10"]
[SourceQuality "1"]

1. Nf3 d5 2. e3 Nf6 3. c4 g6 4. Nc3 Bg7 5. d4 0-0 6. h3 c5 7. dxc5 Ne4 8. Bd2 Nxc3 9. Bxc3 Bxc3+ 10. bxc3 dxc4 11. Qxd8 Rxd8 12. Bxc4 Nd7 13. 0-0-0 Rf8 14. Ng5 Nxc5 15. Nxf7 Rxf7 16. Rd8+ Kg7 17. Bxf7 Kxf7 18. Rhd1 Ne6 19. Rh8 b6 20. Rxh7+ Kf6 21. Rh8 Bb7 22. Rxa8 Bxa8 23. f3 Nc5 24. Rd8 Bc6 25. Kd2 Bb5 26. g3 a5 27. e4 Bc4 28. a3 b5 29. Rc8 Nd3 30. a4 Nf2 31. Rc6+ e6 32. axb5 Bxb5 33. Rc5 Be8 34. Rxa5 Nxh3 35. Ke3 g5 36. c4 Bh5 37. c5 Ng1 38. c6 Ke7 39. g4 Be8 40. c7 Kd7 41. Rc5 Kc8 42. Kf2 Nh3+ 43. Kg3 Nf4 44. Rxg5 Ne2+ 45. Kf2 Nf4 46. Rg8 Kd7 47. Rxe8 1-0

[Event "Titled Tuesday intern op 02nd Apr Early"]
[Site "Chess.com INT"]
[Date "2024.04.02"]
[Round "3"]
[White "Martinez Ramirez, Lennis"]
[Black "Saragih, Arif Rahman"]
[Result "1-0"]
[WhiteElo "2442"]
[BlackElo "2245"]
[PlyCount "55"]
[EventDate "2024.04.02"]
[EventType "swiss (blitz)"]
[EventRounds "11"]
[EventCountry "USA"]
[SourceTitle "CB15_2024"]
[SourceDate "2024.04.10"]
[SourceVersion "1"]
[SourceVersionDate "2024.04.10"]
[SourceQuality "1"]

1. d4 d6 2. Nf3 g6 3. c4 Bg7 4. Nc3 Nf6 5. e4 0-0 6. Be2 e5 7. Be3 exd4 8. Nxd4 c6 9. 0-0 Bd7 10. Nb3 Re8 11. Bf3 d5 12. exd5 cxd5 13. cxd5 Na6 14. d6 Rc8 15. Bxb7 Rc6 16. Bxc6 Bxc6 17. Bxa7 Qa8 18. Bd4 Bxg2 19. Re1 Bh1 20. Rxe8+ Nxe8 21. Qg4 Bxd4 22. Nxd4 Nf6 23. Qh3 Nh5 24. Re1 Kf8 25. d7 Nc7 26. f3 Nf4 27. Qh6+ Kg8 28. Qxf4 1-0

[Event "La Roda op 50th"]
[Site "La Roda"]
[Date "2024.03.31"]
[Round "8"]
[White "Martinez Ramirez, Lennis"]
[Black "Newrkla, Katharina"]
[Result "1-0"]
[WhiteElo "2450"]
[BlackElo "2213"]
[PlyCount "89"]
[EventDate "2024.03.27"]
[EventType "swiss"]
[EventRounds "9"]
[EventCountry "ESP"]
[SourceTitle "CB14_2024"]
[SourceDate "2024.04.01"]
[SourceVersion "1"]
[SourceVersionDate "2024.04.01"]
[SourceQuality "1"]

1. d4 Nf6 2. Nf3 g6 3. c4 Bg7 4. Nc3 0-0 5. e4 d6 6. Be2 Nbd7 7. Qc2 e5 8. d5 a5 9. Be3 Ng4 10. Bg5 f6 11. Bd2 Nc5 12. h3 Nh6 13. g4 Kh8 14. 0-0-0 Bd7 15. Rdg1 c6 16. Be3 cxd5 17. Bxc5 dxc5 18. Nxd5 a4 19. Nd2 Nf7 20. h4 Bh6 21. g5 fxg5 22. h5 Ra6 23. Bg4 Bxg4 24. Rxg4 Qd7 25. f3 Nd8 26. Qc3 Nc6 27. hxg6 Nd4 28. Qa3 Rxg6 29. Qxc5 Rf7 30. Ne3 Bf8 31. Qa5 a3 32. Rg2 axb2+ 33. Kb1 Nc6 34. Qc3 Bb4 35. Qc2 Nd4 36. Qxb2 Qa4 37. Nd5 Ba3 38. Qc3 Rh6 39. Rhg1 Rh5 40. f4 Rh3 41. Rxg5 h5 42. f5 Rf8 43. Nb3 Rh2 44. Nxd4 Bb2 45. Qg3 1-0

[Event "La Roda op 50th"]
[Site "La Roda"]
[Date "2024.03.30"]
[Round "6"]
[White "Ponce Navalon, Jose"]
[Black "Martinez Ramirez, Lennis"]
[Result "0-1"]
[WhiteElo "2141"]
[BlackElo "2450"]
[PlyCount "112"]
[EventDate "2024.03.27"]
[EventType "swiss"]
[EventRounds "9"]
[EventCountry "ESP"]
[SourceTitle "CB14_2024"]
[SourceDate "2024.04.01"]
[SourceVersion "1"]
[SourceVersionDate "2024.04.01"]
[SourceQuality "1"]

1. e4 c5 2. Nf3 e6 3. d4 cxd4 4. Nxd4 Nf6 5. Bd3 a6 6. 0-0 Qc7 7. Nd2 Bc5 8. N2b3 Ba7 9. Bg5 Nc6 10. Nxc6 bxc6 11. Qf3 Qe5 12. Bf4 Qh5 13. Qxh5 Nxh5 14. Bd6 g5 15. a4 Bb8 16. e5 f6 17. Rfe1 Nf4 18. Bf1 Ng6 19. Bxb8 Rxb8 20. exf6 Rf8 21. Ra2 Rxf6 22. Nc5 Rf5 23. Nxa6 Rb6 24. Nc7+ Kd8 25. a5 Rb8 26. Na6 Ra8 27. Nb4 Rfxa5 28. Rea1 Rxa2 29. Rxa2 Rxa2 30. Nxa2 h6 31. f3 d5 32. Nb4 Kc7 33. c3 c5 34. Nc2 c4 35. Kf2 e5 36. Na1 Ba6 37. g3 Kb6 38. Bh3 Kc5 39. Be6 Ne7 40. Nc2 d4 41. cxd4+ exd4 42. b4+ cxb3 43. Bxb3 d3 44. Ne3 Kd4 45. Nd1 d2 46. Bc2 Nd5 47. Bb3 Nb4 48. Bf7 Nd3+ 49. Kg2 Ne5 50. Bb3 Bb7 51. Kf2 Bxf3 52. h3 h5 53. Bc2 g4 54. h4 Nd3+ 55. Kf1 Bxd1 56. Bxd1 Ke3 0-1

[Event "La Roda op 50th"]
[Site "La Roda"]
[Date "2024.03.27"]
[Round "1"]
[White "Martinez Ramirez, Lennis"]
[Black "Ha, Yihan"]
[Result "1-0"]
[WhiteElo "2450"]
[BlackElo "1865"]
[PlyCount "93"]
[EventDate "2024.03.27"]
[EventType "swiss"]
[EventRounds "9"]
[EventCountry "ESP"]
[SourceTitle "CB14_2024"]
[SourceDate "2024.04.01"]
[SourceVersion "1"]
[SourceVersionDate "2024.04.01"]
[SourceQuality "1"]

1. Nf3 Nf6 2. c4 e6 3. b3 d5 4. Bb2 Be7 5. e3 c5 6. cxd5 exd5 7. d4 0-0 8. Be2 Bf5 9. 0-0 Nc6 10. Nc3 Rc8 11. Rc1 cxd4 12. Nxd4 Nxd4 13. Qxd4 Bc5 14. Qf4 Be6 15. Nb5 a6 16. Nd4 Bd6 17. Nxe6 Rxc1 18. Rxc1 fxe6 19. Qh4 Ne4 20. Qxd8 Rxd8 21. g4 Rf8 22. f3 Nc5 23. h4 Kf7 24. Kg2 Nd7 25. f4 g6 26. g5 Bc5 27. Rc3 Ke7 28. Kg3 Kd6 29. Rd3 Bb4 30. a3 Be1+ 31. Kg4 Rc8 32. Rd1 Ba5 33. Bd3 Nc5 34. Bc2 Nd7 35. Bb1 Bb6 36. e4 d4 37. e5+ Ke7 38. h5 Kf7 39. Bxd4 Bxd4 40. Rxd4 Nf8 41. a4 Rc7 42. a5 Nd7 43. Be4 Nc5 44. Rc4 Rc8 45. hxg6+ hxg6 46. b4 Nxe4 47. Rxc8 1-0

[Event "Titled Tuesday intern op 12th Mar Late"]
[Site "Chess.com INT"]
[Date "2024.03.12"]
[Round "9"]
[White "Bettalli, Francesco"]
[Black "Martinez Ramirez, Lennis"]
[Result "0-1"]
[WhiteElo "2309"]
[BlackElo "2450"]
[PlyCount "64"]
[EventDate "2024.03.12"]
[EventType "swiss (blitz)"]
[EventRounds "11"]
[EventCountry "USA"]
[SourceTitle "CB12_2024"]
[SourceDate "2023.10.01"]
[SourceVersion "1"]
[SourceVersionDate "2023.10.01"]
[SourceQuality "1"]

1. e4 e6 2. d4 d5 3. Bd3 dxe4 4. Bxe4 Nf6 5. Bf3 c5 6. Ne2 Be7 7. Be3 cxd4 8. Qxd4 Qc7 9. Nbc3 a6 10. 0-0 0-0 11. Bf4 Qa5 12. a3 Nc6 13. Qe3 Bd7 14. b4 Qf5 15. Ng3 Qxc2 16. Rac1 Qb3 17. Rfd1 Rfd8 18. Nd5 Qxe3 19. Nxe7+ Nxe7 20. Bxe3 Bc6 21. Bb6 Rxd1+ 22. Rxd1 Bxf3 23. gxf3 Ned5 24. Bd4 Rc8 25. Ne4 Rc2 26. Be5 b6 27. Nc3 h6 28. Na4 Nh5 29. Bd4 Nhf4 30. Bxb6 Ra2 31. Bd4 Rxa3 32. Be5 Rxa4 0-1

[Event "Portimao op"]
[Site "Portimao"]
[Date "2024.02.12"]
[Round "2"]
[White "Esteves, Goncalo Maria Franc"]
[Black "Martinez Ramirez, Lennis"]
[Result "0-1"]
[WhiteElo "1957"]
[BlackElo "2442"]
[PlyCount "82"]
[EventDate "2024.02.11"]
[EventType "swiss"]
[EventRounds "9"]
[EventCountry "POR"]
[SourceTitle "CB09_2024"]
[SourceDate "2024.02.28"]
[SourceVersion "1"]
[SourceVersionDate "2024.02.28"]
[SourceQuality "1"]

1. e4 c5 2. Nf3 e6 3. d3 Nc6 4. g3 d5 5. Qe2 Nge7 6. Bg2 g6 7. 0-0 Bg7 8. c3 e5 9. Nbd2 d4 10. cxd4 cxd4 11. Ne1 0-0 12. f4 Be6 13. Ndf3 f6 14. Nh4 Qd7 15. Bd2 a5 16. Nef3 Bg4 17. Rfc1 h6 18. Qf1 g5 19. h3 Be6 20. Nf5 Nxf5 21. exf5 Bxf5 22. g4 Be6 23. f5 Bf7 24. Be1 Ne7 25. Nd2 Nd5 26. Bxd5 Bxd5 27. Qe2 b6 28. Ne4 Rfc8 29. Bd2 Rxc1+ 30. Rxc1 Bxa2 31. b4 Bf7 32. bxa5 bxa5 33. Ra1 a4 34. h4 a3 35. hxg5 hxg5 36. Bb4 a2 37. Qb2 Qb5 38. Nd6 Qxd3 39. Nxf7 Qg3+ 40. Kf1 Qh3+ 41. Kg1 Qxg4+ 0-1

[Event "Portimao op"]
[Site "Portimao"]
[Date "2024.02.11"]
[Round "1"]
[White "Martinez Ramirez, Lennis"]
[Black "Kostov, Troyan"]
[Result "1-0"]
[WhiteElo "2442"]
[BlackElo "1715"]
[PlyCount "89"]
[EventDate "2024.02.11"]
[EventType "swiss"]
[EventRounds "9"]
[EventCountry "POR"]
[SourceTitle "CB09_2024"]
[SourceDate "2024.02.28"]
[SourceVersion "1"]
[SourceVersionDate "2024.02.28"]
[SourceQuality "1"]

1. g3 d5 2. Nf3 Nf6 3. Bg2 c5 4. d4 cxd4 5. 0-0 Nc6 6. Nxd4 e5 7. Nxc6 bxc6 8. c4 Be7 9. cxd5 cxd5 10. Nc3 e4 11. Bg5 Be6 12. Qa4+ Qd7 13. Qxd7+ Nxd7 14. Be3 Bc5 15. Bxc5 Nxc5 16. Rfd1 Rd8 17. Rac1 Na6 18. Nb5 Rb8 19. Nd4 0-0 20. b3 Rfc8 21. f3 exf3 22. Bxf3 Nb4 23. a3 Na2 24. Rxc8+ Rxc8 25. Kf2 Nc3 26. Ra1 Kf8 27. Ke3 Ke7 28. Rc1 f5 29. Kd3 Ne4 30. Rxc8 Bxc8 31. Nc6+ Kd6 32. Nxa7 Ba6+ 33. Kd4 Kc7 34. a4 Kb6 35. Nb5 Bxb5 36. axb5 Nf6 37. Bxd5 Kxb5 38. Bf3 Kb4 39. Ke5 Kxb3 40. Kxf5 Kc3 41. Ke6 Kd2 42. Kf7 h5 43. Kxg7 Ng4 44. Bxg4 hxg4 45. e4 1-0

[Event "Titled Tuesday intern op 06th Feb Early"]
[Site "Chess.com INT"]
[Date "2024.02.06"]
[Round "4"]
[White "Esmeraldas Huachi, Anderson Yahir"]
[Black "Martinez Ramirez, Lennis"]
[Result "0-1"]
[WhiteElo "2148"]
[BlackElo "2442"]
[PlyCount "114"]
[EventDate "2024.02.06"]
[EventType "swiss (blitz)"]
[EventRounds "11"]
[EventCountry "USA"]
[SourceTitle "CB07_2024"]
[SourceDate "2024.02.14"]
[SourceVersion "1"]
[SourceVersionDate "2024.02.14"]
[SourceQuality "1"]

1. d4 e6 2. c4 a6 3. Nc3 Bb4 4. f3 Bxc3+ 5. bxc3 Ne7 6. e3 d6 7. Bd3 0-0 8. Ne2 e5 9. 0-0 c5 10. Bb2 Nbc6 11. f4 Bg4 12. h3 Bxe2 13. Qxe2 f5 14. fxe5 dxe5 15. d5 Na5 16. Bc2 e4 17. Ba3 b6 18. Rab1 Rf6 19. Kh1 Nc8 20. Bb3 Nd6 21. Rf2 Rh6 22. Rbf1 Qg5 23. Bc1 Qg3 24. Bd2 Rf8 25. Be1 Qe5 26. Rf4 g5 27. R4f2 Rff6 28. Kg1 Nab7 29. Ba4 Nd8 30. Bd7 Rf7 31. Ba4 g4 32. Qb2 Nxc4 33. Qe2 b5 34. Bb3 gxh3 35. gxh3 Rxh3 36. Rg2+ Rg7 37. Rxg7+ Qxg7+ 38. Qg2 Nxe3 39. Qxg7+ Kxg7 40. Rf2 c4 41. Bc2 Nxc2 42. Rxc2 Rd3 43. Rg2+ Kf7 44. Bf2 e3 45. Bh4 Rxd5 46. Kf1 f4 47. Rg4 Ne6 48. Ke2 Rd2+ 49. Kf3 Rxa2 50. Ke4 b4 51. cxb4 c3 52. Kd3 c2 53. Rg1 Rb2 54. Rc1 Kg6 55. Kc3 Rb1 56. Rxc2 Kf5 57. Kd3 Rxb4 0-1

[Event "Titled Tuesday intern op 06th Feb Early"]
[Site "Chess.com INT"]
[Date "2024.02.06"]
[Round "5"]
[White "Martinez Ramirez, Lennis"]
[Black "Grochal, Joey"]
[Result "0-1"]
[WhiteElo "2442"]
[BlackElo "2255"]
[PlyCount "96"]
[EventDate "2024.02.06"]
[EventType "swiss (blitz)"]
[EventRounds "11"]
[EventCountry "USA"]
[SourceTitle "CB07_2024"]
[SourceDate "2024.02.14"]
[SourceVersion "1"]
[SourceVersionDate "2024.02.14"]
[SourceQuality "1"]

1. c4 c5 2. Nf3 Nc6 3. d4 cxd4 4. Nxd4 Nf6 5. Nc3 e6 6. Ndb5 d6 7. Bf4 e5 8. Bg5 a6 9. Bxf6 gxf6 10. Na3 f5 11. g3 Bg7 12. Bg2 0-0 13. 0-0 Be6 14. Rc1 Rc8 15. b3 Qa5 16. Nab1 Rfd8 17. e3 b5 18. cxb5 axb5 19. a4 bxa4 20. bxa4 Nb4 21. Qd2 d5 22. Nb5 d4 23. exd4 exd4 24. Qg5 Qxa4 25. Rxc8 Rxc8 26. Nd6 Rb8 27. Nxf5 Bxf5 28. Qxf5 Qc2 29. Be4 Qe2 30. Qxh7+ Kf8 31. Qf5 d3 32. Qc5+ Kg8 33. Qc4 Re8 34. Bg6 Re6 35. Bxf7+ Kxf7 36. Qxb4 Bh6 37. Nc3 Qf3 38. Qc4 d2 39. h4 Ke7 40. Nd1 Re1 41. Qc5+ Kf7 42. Qc4+ Kg7 43. Kh2 Kh7 44. Kg1 Bg7 45. Qb5 Rxd1 46. Qf5+ Qxf5 47. Rxd1 Qd3 48. Rxd2 Qxd2 0-1

[Event "Titled Tuesday intern op 23rd Jan Late"]
[Site "Chess.com INT"]
[Date "2024.01.23"]
[Round "6"]
[White "Suvorov, Luca"]
[Black "Martinez Ramirez, Lennis"]
[Result "0-1"]
[WhiteElo "2352"]
[BlackElo "2448"]
[PlyCount "88"]
[EventDate "2024.01.23"]
[EventType "swiss (blitz)"]
[EventRounds "11"]
[EventCountry "USA"]
[SourceTitle "CB05_2024"]
[SourceDate "2024.01.31"]
[SourceVersion "1"]
[SourceVersionDate "2024.01.31"]
[SourceQuality "1"]

1. e4 c5 2. Nf3 Nc6 3. b3 Nf6 4. e5 Nd5 5. Bc4 Nb6 6. Na3 Nxc4 7. Nxc4 d5 8. exd6 exd6 9. 0-0 Be7 10. Bb2 0-0 11. d4 Bf6 12. d5 Bxb2 13. Nxb2 Ne7 14. h3 Bf5 15. Re1 Re8 16. Qd2 h6 17. Nc4 Qd7 18. a4 b6 19. c3 Rad8 20. Re2 Nc8 21. Rae1 Rxe2 22. Qxe2 g5 23. h4 g4 24. Nfd2 h5 25. Nf1 Bg6 26. Ng3 b5 27. axb5 Qxb5 28. Qe3 Qxb3 29. Qg5 Rf8 30. Nxh5 Qxc4 31. Nf6+ Kg7 32. h5 Qxc3 33. Rc1 Qe5 34. Qxe5 dxe5 35. Nd7 Rd8 36. Nxe5 Rxd5 37. h6+ Kxh6 38. Nxg4+ Kg7 39. Ne3 Re5 40. g3 Nd6 41. Ra1 Re7 42. Ra6 Nb5 43. Nd5 Re1+ 44. Kh2 Be4 0-1

[Event "Titled Tuesday intern op 16th Jan Early"]
[Site "Chess.com INT"]
[Date "2024.01.16"]
[Round "2"]
[White "Gavrilov, Maxim"]
[Black "Martinez Ramirez, Lennis"]
[Result "0-1"]
[WhiteElo "2186"]
[BlackElo "2448"]
[PlyCount "64"]
[EventDate "2024.01.16"]
[EventType "swiss (blitz)"]
[EventRounds "11"]
[EventCountry "USA"]
[SourceTitle "CB04_2024"]
[SourceDate "2023.10.16"]
[SourceVersion "1"]
[SourceVersionDate "2023.10.16"]
[SourceQuality "1"]

1. d4 g6 2. c4 Bg7 3. Nf3 d6 4. g3 Bg4 5. Bg2 Bxf3 6. Bxf3 Nc6 7. e3 e5 8. 0-0 exd4 9. exd4 Nxd4 10. Re1+ Ne7 11. Bxb7 Rb8 12. Bg2 0-0 13. Nc3 c5 14. Rb1 h6 15. b3 Re8 16. Bb2 Qa5 17. Qd2 h5 18. Rbd1 Nef5 19. Rxe8+ Rxe8 20. Ne4 Qxa2 21. Ra1 Qxb3 22. Rxa7 Qxc4 23. h3 Ne2+ 24. Kh2 Bxb2 25. Qxb2 Rd8 26. Nf6+ Kf8 27. Nh7+ Kg8 28. Nf6+ Kg7 29. Nxh5+ Kh6 30. Qf6 Rf8 31. g4 Qc1 32. Ng3 Qg1# 0-1

[Event "Titled Tuesday intern op 16th Jan Early"]
[Site "Chess.com INT"]
[Date "2024.01.16"]
[Round "3"]
[White "Martinez Ramirez, Lennis"]
[Black "Duda, Jan Krzysztof"]
[Result "0-1"]
[WhiteElo "2448"]
[BlackElo "2732"]
[PlyCount "108"]
[EventDate "2024.01.16"]
[EventType "swiss (blitz)"]
[EventRounds "11"]
[EventCountry "USA"]
[SourceTitle "CB04_2024"]
[SourceDate "2023.10.16"]
[SourceVersion "1"]
[SourceVersionDate "2023.10.16"]
[SourceQuality "1"]

1. d4 Nf6 2. c4 g6 3. Nc3 d5 4. Nf3 Bg7 5. Bf4 0-0 6. Rc1 dxc4 7. e3 Be6 8. Ng5 Bd5 9. e4 h6 10. Nxd5 Nxd5 11. exd5 hxg5 12. Bxg5 Qxd5 13. Be3 b5 14. Be2 Nc6 15. Bf3 Qd6 16. 0-0 Rad8 17. b3 Nxd4 18. Bxd4 Bxd4 19. bxc4 bxc4 20. Rxc4 Bxf2+ 21. Kh1 Qxd1 22. Bxd1 Bb6 23. Bb3 Kg7 24. Rcf4 e6 25. g3 Rd6 26. h4 f5 27. Re1 Kf6 28. g4 g5 29. Rf3 gxh4 30. gxf5 exf5 31. Rxf5+ Kxf5 32. Rf1+ Kg4 33. Rxf8 Be3 34. Rg8+ Kf3 35. Kh2 Bf4+ 36. Kh3 Rd2 37. Rg2 Rxg2 38. Bd5+ Ke3 39. Bxg2 Bg3 40. Bc6 Kd4 41. Kg2 Kc5 42. Bd7 Kd6 43. Bc8 c5 44. Kf3 c4 45. Ke4 c3 46. Kd3 Be5 47. Bf5 Ke7 48. Ke4 c2 49. Kxe5 c1Q 50. Be4 a6 51. Bd3 a5 52. Kd4 a4 53. Bf5 a3 54. Ke5 Kf8 0-1

[Event "Titled Tuesday intern op 16th Jan Early"]
[Site "Chess.com INT"]
[Date "2024.01.16"]
[Round "10"]
[White "Martinez Ramirez, Lennis"]
[Black "Garbarino, Rodolfo"]
[Result "1-0"]
[WhiteElo "2448"]
[BlackElo "2345"]
[PlyCount "104"]
[EventDate "2024.01.16"]
[EventType "swiss (blitz)"]
[EventRounds "11"]
[EventCountry "USA"]
[SourceTitle "CB04_2024"]
[SourceDate "2023.10.16"]
[SourceVersion "1"]
[SourceVersionDate "2023.10.16"]
[SourceQuality "1"]

1. d4 d5 2. c4 e6 3. Nf3 Nf6 4. g3 Nc6 5. Bg2 dxc4 6. 0-0 Rb8 7. a4 b6 8. Qc2 Nxd4 9. Nxd4 Qxd4 10. Be3 Qe5 11. Qxc4 Bd6 12. Bf4 Qc5 13. Qb3 Bxf4 14. gxf4 0-0 15. Nd2 Ba6 16. Rfc1 Qd6 17. Qe3 Ng4 18. Qg3 Qxd2 19. Qxg4 Qxe2 20. Bf3 Qxb2 21. Rab1 Qa2 22. f5 exf5 23. Qxf5 c5 24. Bd5 Qe2 25. Re1 Qd3 26. Be4 g6 27. Bxd3 gxf5 28. Bxa6 Rfe8 29. Bb5 Rxe1+ 30. Rxe1 Kf8 31. Re5 Rd8 32. Rxf5 Rd6 33. Bc4 f6 34. Rf4 Kg7 35. Rg4+ Kh6 36. Kg2 Rd4 37. Rxd4 cxd4 38. Kf3 Kg5 39. Ke4 Kh4 40. Be6 a6 41. Bc8 a5 42. Kxd4 Kg5 43. Ke4 h5 44. f4+ Kh4 45. Bf5 b5 46. axb5 a4 47. Be6 a3 48. b6 a2 49. Bxa2 Kh3 50. b7 Kxh2 51. b8Q h4 52. Kf3 h3 1-0

[Event "Titled Tuesday intern op 16th Jan Late"]
[Site "Chess.com INT"]
[Date "2024.01.16"]
[Round "1"]
[White "Mazurkiewicz, Michal"]
[Black "Martinez Ramirez, Lennis"]
[Result "1-0"]
[WhiteElo "2145"]
[BlackElo "2448"]
[PlyCount "123"]
[EventDate "2024.01.16"]
[EventType "swiss (blitz)"]
[EventRounds "11"]
[EventCountry "USA"]
[SourceTitle "CB04_2024"]
[SourceDate "2023.10.16"]
[SourceVersion "1"]
[SourceVersionDate "2023.10.16"]
[SourceQuality "1"]

1. e4 c5 2. Nf3 Nc6 3. g3 g6 4. Bg2 Bg7 5. 0-0 e6 6. d3 Nge7 7. Re1 d6 8. c3 b5 9. e5 Rb8 10. exd6 Qxd6 11. Bf4 e5 12. Nxe5 Nxe5 13. d4 cxd4 14. cxd4 0-0 15. Bxe5 Bxe5 16. dxe5 Qb4 17. Qd2 Qc5 18. Nc3 Bb7 19. Qd6 Qxd6 20. exd6 Nf5 21. Rad1 Rfd8 22. d7 Bxg2 23. Kxg2 Kg7 24. g4 Nh4+ 25. Kg3 g5 26. Ne4 h6 27. b4 Ng6 28. Nd6 Nf8 29. Re8 Nxd7 30. Rxd8 Rxd8 31. Nb7 Rc8 32. Rxd7 Rc3+ 33. f3 Ra3 34. Nd6 Rxa2 35. Nxf7 Ra4 36. Nd6+ Kf6 37. Nxb5 a6 38. Nc3 Rxb4 39. Nd5+ Ke6 40. Nxb4 Kxd7 41. Nxa6 Ke6 42. Nb4 Kd6 43. Nc2 Ke5 44. Ne3 Kd4 45. Nf5+ Ke5 46. Nxh6 Kf6 47. Nf5 Kg6 48. f4 Kf6 49. fxg5+ Kxg5 50. h4+ Kf6 51. Kf4 Kg6 52. h5+ Kh7 53. g5 Kg8 54. g6 Kh8 55. Kg5 Kg8 56. h6 Kf8 57. Kf6 Kg8 58. Ne7+ Kf8 59. g7+ Ke8 60. g8Q+ Kd7 61. Qc8+ Kd6 62. Qc6# 1-0

[Event "Titled Tuesday intern op 09th Jan Early"]
[Site "Chess.com INT"]
[Date "2024.01.09"]
[Round "9"]
[White "Liu, Casper Yukun"]
[Black "Martinez Ramirez, Lennis"]
[Result "0-1"]
[WhiteElo "2280"]
[BlackElo "2448"]
[PlyCount "66"]
[EventDate "2024.01.09"]
[EventType "swiss (blitz)"]
[EventRounds "11"]
[EventCountry "USA"]
[SourceTitle "CB03_2024"]
[SourceDate "2024.01.17"]
[SourceVersion "1"]
[SourceVersionDate "2024.01.17"]
[SourceQuality "1"]

1. Nf3 d5 2. b3 Nf6 3. Bb2 g6 4. e3 Bg7 5. Be2 0-0 6. 0-0 c5 7. c4 d4 8. exd4 Nh5 9. g3 Nc6 10. Re1 Bg4 11. Qc1 cxd4 12. Nxd4 Bxe2 13. Nxe2 e5 14. Nbc3 Nb4 15. Rf1 Nd3 16. Qc2 Rc8 17. Rad1 f5 18. Nb5 a6 19. Nbc3 b5 20. cxb5 axb5 21. Qb1 e4 22. Ba1 Qd7 23. Nc1 Ne5 24. Kg2 Nf3 25. d4 Rce8 26. d5 f4 27. Nxe4 Qg4 28. h3 Nh4+ 29. Kh2 Qf3 30. gxh4 Rxe4 31. Bxg7 Nxg7 32. Rd3 Qh5 33. d6 Qxh4 0-1